Indo-Iranische Sprachen - Statistiken

Allgemein
  • Dieses Quiz wurde 98 mal gespielt
  • Das Durchschnittsergebnis liegt bei 6 aus 19
Antwortstatistiken
Antwort % Korrekt
Persisch
94%
Hindi (Indisch)
74%
Urdu (Pakistanisch)
72%
Dari (Afghanisch)
57%
Kurdisch
49%
Tadschikisch
35%
Bengalisch
33%
Paschto
32%
Marathi
21%
Nepalesisch
20%
Ossetisch
16%
Belutschi (Belutsisch)
14%
Panjabi
12%
Kaschmirisch
10%
Oriya
7%
Sindhi
7%
Dhivehi (Maledivisch)
6%
Romani
6%
Singhalesisch
6%
Keine übereinstimmenden Quizze gefunden
Verteilung der Resultate
Anzahl Personen mit jedem Resultat
Perzentil nach korrekt beantworteten Fragen
Ihre Resultats-Entwicklung
Sie haben dieses Quiz noch nicht gespielt